Towards inclusive rubber development (Record no. 44351)
[ view plain ]
| 000 -LEADER | |
|---|---|
| fixed length control field | 00465nam a2200169Ia 4500 |
| 082 ## - DEWEY DECIMAL CLASSIFICATION NUMBER | |
| Classification number | NR:338.43.01 |
| Item number | JAC;4 |
| 100 ## - MAIN ENTRY--AUTHOR NAME | |
| Personal name | Jacob, C K |
| 245 #0 - TITLE STATEMENT | |
| Title | Towards inclusive rubber development |
| 260 ## - PUBLICATION, DISTRIBUTION, ETC. (IMPRINT) | |
| Place of publication | Kottayam |
| Name of publisher | Rubber Board |
| Year of publication | 2009 |
| 650 ## - SUBJECT ADDED ENTRY--TOPICAL TERM | |
| Topical Term | Agriculture extension |
| 650 ## - SUBJECT ADDED ENTRY--TOPICAL TERM | |
| Topical Term | Bee keeping |
| 650 ## - SUBJECT ADDED ENTRY--TOPICAL TERM | |
| Topical Term | Rubber clones |
| 650 ## - SUBJECT ADDED ENTRY--TOPICAL TERM | |
| Topical Term | Rubber plantation industry |
| 650 ## - SUBJECT ADDED ENTRY--TOPICAL TERM | |
| Topical Term | Rubber smallholdings |
| 942 ## - ADDED ENTRY ELEMENTS (KOHA) | |
| Koha item type | Reference |
| Withdrawn status | Lost status | Damaged status | Not for loan | Home library | Current library | Date acquired | Source of acquisition | Full call number | Accession Number | Koha item type |
|---|---|---|---|---|---|---|---|---|---|---|
| RRII Library | RRII Library | 16/12/2021 | Gift | NR:338.43.01 JAC;4 | G01098 | Books |